000 00764nam a2200289Ia 4500
005 20260324143240.0
008 008 260324s9999 xx 000 0 eng d
020 _a9781315288253
037 _aEBOOK
040 _aCRL
040 _beng
040 _cCRL
041 _2eng
041 _aeng
084 _qCRL
100 _aGarth L. Mangum; John Walsh
_91214952
245 0 _aLabor Struggle in the Post Office: From Selective Lobbying to Collective Bargaining
245 0 _bFrom Selective Lobbying to Collective Bargaining
260 _bTaylor and Francis
260 _c1992
365 _a
365 _b325
856 _uhttp://www.taylorfrancis.com/books/9781315288253
942 _cEBOOK
999 _c1820101
_d1820101